ENGLISH FOOTBALL CLUBS LAST NAMES - Statistics

General Stats
  • This quiz has been taken 1,129 times
  • The average score is 12 of 15
Answer Stats
Hint Answer % Correct
TOTTENHAM HOTSPUR
99%
WEST BROMWICH ALBION
97%
CRYSTAL PALACE
94%
ASTON VILLA
94%
NOTTINGHAM FOREST
92%
WOLVERHAMPTON WANDERERS
86%
PRESTON NORTH END
82%
LEYTON ORIENT
81%
ACCRINGTON STANLEY
76%
YEOVIL TOWN
76%
ROTHERHAM UNITED
75%
PLYMOUTH ARGYLE
73%
NORTHAMPTON TOWN
73%
STOCKPORT COUNTY
65%
KIDDERMINSTER HARRIERS
52%
No matching quizzes found
Score Distribution
Percent of People with Each Score
Percentile by Number Answered
Your Score History
You have not taken this quiz